| 000 | 00439nam a2200205Ia 4500 | ||
|---|---|---|---|
| 001 | 12862 | ||
| 003 | GE_BSU | ||
| 008 | 181216s||||||||xx |||||||||||||| ||und|| | ||
| 020 | _a0552126381 | ||
| 040 | _cGE_BSU | ||
| 080 | _a821.111-311.6 | ||
| 100 | _aGower,Iris. | ||
| 245 | _aSpinner's Whare. | ||
| 260 | _aLondon. | ||
| 260 | _bCorgi Books. | ||
| 260 | _c1985 | ||
| 300 | _a427p;18cm. | ||
| 653 | _aSpinner's Whare. | ||
| 942 | _cBK | ||
| 999 |
_c46032 _d46032 |
||